Trust <the> social virtues and the creation of prosperity

Salvato in:
Dettagli Bibliografici
Autore principale: Fukuyama, Francis
Natura: Libro
Lingua:inglese
Pubblicazione: New York FP/Free Press Paperbacks 1996
Soggetti:
Tags: Aggiungi Tag
Nessun Tag, puoi essere il primo ad aggiungerne!!

MARC

LEADER 00000nam$a2200000$$$4500
001 0113618
005 20221205071644.0
020 |a 978-0-684-82525-0 
020 |a 0-684-82525-2 
041 0 |a eng 
044 |a US 
245 1 0 |a Trust  |b <the> social virtues and the creation of prosperity  |c Francis Fukuyama 
264 1 |a New York  |b FP/Free Press Paperbacks  |c 1996 
300 |a 457 s. 
610 2 0 |a spoločnosť 
610 2 0 |a štýl životný 
610 2 0 |a morálka 
610 2 0 |a politika hospodárska 
610 2 0 |a kultúra 
610 2 0 |a potreby ekonomické 
610 2 0 |a potreby sociálne 
100 1 |a Fukuyama, Francis